01572cam a22003498a 450000100090000000300040000900500170001300800410003001000170007102000180008802000380010603500200014404000110016404200080017508200170018324500360020024600250023625001040026126000680036526300090043330000140044250000200045650504720047665000240094865000280097265000260100070000260102670000290105270000210108170000370110285600830113915438064OSt20150408114101.0080903s2009 stk 001 0 eng  a 2008038900 a9780443068485 a9780443068454 (international ed.) a(DNLM)101483141 aMa-Un  apcc00a616.075422200aMacleod's clinical examination.30aClinical examination a12th ed. /bedited by Graham Douglas, Fiona Nicol, Colin Robertson ; illustrated by Robert Britton. aEdinburgh ;aNew York :bElsevier Churchill Livingstone,c2009. a0904 ap. ;ccm. aIncludes index.0 aThe approach to the patient -- History taking -- General examination -- The skin -- The endocrine system -- The cardiovascular system -- The respiratory system -- The gastrointestinal system -- The renal system -- The reproductive system -- The nervous system -- The visual system -- The ear, nose and throat -- The musculoskeletal system -- Babies and children -- Assessment for sedation and anaesthesia -- The critically ill patient -- Examination to confirm death. 0aPhysical diagnosis. 0aMedical history taking.12aPhysical Examination.1 aMacleod, John,d1915-1 aDouglas, Graham,cFRCPE.1 aNicol, E. Fiona.1 aRobertson, Colinq(Colin Ernest)413Table of contents onlyuhttp://www.loc.gov/catdir/toc/ecip0827/2008038900.html